OSN a odzbrojení Vybrané projavy a dokumenty
Salvato in:
| Autore principale: | |
|---|---|
| Altri autori: | |
| Natura: | Libro |
| Lingua: | ceco |
| Pubblicazione: |
Praha
Svoboda
1985
|
| Edizione: | 1. vyd. |
| Tags: |
Nessun Tag, puoi essere il primo ad aggiungerne!!
|
MARC
| LEADER | 00000nam a2200000 4500 | ||
|---|---|---|---|
| 001 | c023718 | ||
| 005 | 20230105083729.2 | ||
| 041 | 0 | |a cze | |
| 044 | |a CZ | ||
| 245 | 1 | 0 | |a OSN a odzbrojení |b Vybrané projavy a dokumenty |c Javier Péres de Cuellar ; [Z angl. prel.] Zdenka Fialová |
| 250 | |a 1. vyd. | ||
| 264 | 1 | |a Praha |b Svoboda |c 1985 | |
| 300 | |a 166 s. | ||
| 100 | 1 | |a Cuellar, Javier Péres de | |
| 700 | 1 | |a Fialová, Zdenka | |